| 000 | 00641nam a2200193 a 4500 | ||
|---|---|---|---|
| 005 | 20140310183501.0 | ||
| 008 | 100224s19uu xx 00 eng d | ||
| 020 | _a9780750665728 | ||
| 050 |
_aTX 911.3.P4 _b.H39 2009 |
||
| 100 | _aNickson, Dennis | ||
| 245 |
_aHuman resource management for the hospitality and tourism industries / _cDennis Nickson. |
||
| 260 |
_aAmsterdam : _bElsevier, _c2009. |
||
| 300 |
_a305 p. : _bill. col. ; _c24 cm. |
||
| 521 | _aBSBA | ||
| 650 |
_aPersonnel management. 2. Hospitality services. 3. Hospitality industry _xpersonnel management. |
||
| 942 |
_cBK _2lcc _kFOR |
||
| 999 |
_c23894 _d23894 |
||